|
|
|
|
| LEADER |
02879nam a22003973i 4500 |
| 001 |
EBC7100845 |
| 003 |
MiAaPQ |
| 005 |
20240729202203.0 |
| 006 |
m o d | |
| 007 |
cr cnu|||||||| |
| 008 |
240729s1953 xx o ||||0 ger d |
| 020 |
|
|
|a 9783428407439
|q (electronic bk.)
|
| 020 |
|
|
|z 9783428007431
|
| 035 |
|
|
|a (MiAaPQ)EBC7100845
|
| 035 |
|
|
|a (Au-PeEL)EBL7100845
|
| 035 |
|
|
|a (OCoLC)1347028690
|
| 040 |
|
|
|a MiAaPQ
|b eng
|e rda
|e pn
|c MiAaPQ
|d MiAaPQ
|
| 100 |
1 |
|
|a Albrecht, Gerhard.
|
| 245 |
1 |
0 |
|a Kapitalbildung und Kapitalverwendung :
|b Verhandlungen Auf der Tagung des Vereins Für Socialpolitik in Salzburg 1952.
|
| 250 |
|
|
|a 1st ed.
|
| 264 |
|
1 |
|a Berlin :
|b Duncker & Humblot,
|c 1953.
|
| 264 |
|
4 |
|c {copy}1953.
|
| 300 |
|
|
|a 1 online resource (272 pages)
|
| 336 |
|
|
|a text
|b txt
|2 rdacontent
|
| 337 |
|
|
|a computer
|b c
|2 rdamedia
|
| 338 |
|
|
|a online resource
|b cr
|2 rdacarrier
|
| 490 |
1 |
|
|a Schriften des Vereins Für Socialpolitik Series
|
| 505 |
0 |
|
|a Intro -- Inhaltsverzeichnis -- Erster Tag -- Erster Tag. Donnerstag, 2. Oktober 1952 -- Professor Dr. Albrecht (Marburg/Lahn): Eröffnung und Begrüßung -- Prof. Dr. Heinz Sauermann (Frankfurt): Kapitalbildung und Kapitalverwendung im volkswirtschaftlichen Wachstumsprozeß -- Nachmittagssitzung am 2. Oktober 1952 -- Prof. Dr. Fritz Neumark (Frankfurt): Möglichkeiten einer finanzpolitischen Beeinflussung von Kapitalbildung und Kapitalverwendung -- I. -- II. -- III. -- IV. -- V. -- Zweiter Tag -- Zweiter Tag. Freitag, 3. Oktober 1952 -- Dr. Eduard Wolf, Mitglied des Direktoriums der Bank deutscher Länder (Frankfurt): Probleme der Wiederbelebung des Kapitalmarktes -- I. -- II. -- III. -- IV. -- Prof. Dr. Helmut Meinhold (Heidelberg): Die Kapitallenkung und ihr Einfluß auf die Kapitalbildung -- Aussprache -- Nachmittagssitzung am 3. Oktober 1952 -- Prof. Dr. Martin Lohmann (Freiburg): Kapitalbildung und Kapitalverwendung in der Unternehmung -- I. -- II. -- III. -- IV. -- Dritter Tag -- Dritter Tag. Sonnabend, 4. Oktober 1952 -- Prof. Dr. Josef Dobretsberger (Graz): Der Internationale Kapitalausgleich -- Prof. Dr. Rudolf Meimberg (Berlin): Investitionsprobleme in Grenzgebieten -- Verzeichnis der Redner.
|
| 588 |
|
|
|a Description based on publisher supplied metadata and other sources.
|
| 590 |
|
|
|a Electronic reproduction. Ann Arbor, Michigan : ProQuest Ebook Central, 2024. Available via World Wide Web. Access may be limited to ProQuest Ebook Central affiliated libraries.
|
| 655 |
|
4 |
|a Electronic books.
|
| 700 |
1 |
|
|a Arndt, Helmut.
|
| 776 |
0 |
8 |
|i Print version:
|a Albrecht, Gerhard
|t Kapitalbildung und Kapitalverwendung
|d Berlin : Duncker & Humblot,c1953
|z 9783428007431
|
| 797 |
2 |
|
|a ProQuest (Firm)
|
| 830 |
|
0 |
|a Schriften des Vereins Für Socialpolitik Series
|
| 856 |
4 |
0 |
|u https://ebookcentral.proquest.com/lib/matrademy/detail.action?docID=7100845
|z Click to View
|